Romans / (Record no. 35941)
[ view plain ]
| 000 -LEADER | |
|---|---|
| fixed length control field | 01099nam a2200205 4500 |
| 008 - FIXED-LENGTH DATA ELEMENTS--GENERAL INFORMATION | |
| fixed length control field | 120326s2010 miuab b 001 0 eng |
| 020 ## - INTERNATIONAL STANDARD BOOK NUMBER | |
| International Standard Book Number | 0801031893 |
| 020 ## - INTERNATIONAL STANDARD BOOK NUMBER | |
| International Standard Book Number | 9780801031892 :Theological Book Network |
| 090 ## - LOCALLY ASSIGNED LC-TYPE CALL NUMBER (OCLC); LOCAL CALL NUMBER (OCLC) | |
| Classification number (OCLC) (R) ; Classification number, CALL (RLIN) (NR) | BS2665.3 |
| Local cutter number (OCLC) ; Book number/undivided call number, CALL (RLIN) | M41 |
| -- | 2010 |
| 100 1# - MAIN ENTRY--PERSONAL NAME | |
| Personal name | Matera, Frank J. |
| 245 10 - TITLE STATEMENT | |
| Title | Romans / |
| Statement of responsibility, etc | Frank J. Matera. |
| 260 ## - PUBLICATION, DISTRIBUTION, ETC. (IMPRINT) | |
| Place of publication, distribution, etc | Grand Rapids, Mich. : |
| Name of publisher, distributor, etc | Baker Academic, |
| Date of publication, distribution, etc | c2010. |
| 300 ## - PHYSICAL DESCRIPTION | |
| Extent | xvii, 382 p. : |
| Other physical details | ill., maps ; |
| Dimensions | 23 cm. |
| 490 1# - SERIES STATEMENT | |
| Series statement | [Paideia] = |
| -- | Paideia |
| 504 ## - BIBLIOGRAPHY, ETC. NOTE | |
| Bibliography, etc | Includes bibliographical references (p. 349-359) and indexes. |
| 505 0# - FORMATTED CONTENTS NOTE | |
| Formatted contents note | The letter opening -- Pt. 1. Gentiles and Jews in the light of God's wrath -- Pt. 2. Gentiles and Jews in the light of God's righteousness -- Pt. 3. The experience o salvation in the light of God's righteousness -- Pt. 4. God's righteousness and the destiny of Israel -- Pt. 5. God's righteousness and the moral life of the justified -- The letter closing. |
| 630 04 - SUBJECT ADDED ENTRY--UNIFORM TITLE | |
| Uniform title | Bible. |
| Name of part/section of a work | N.T. |
| -- | Romans |
| Form subdivision | Commentaries. |
| 830 #0 - SERIES ADDED ENTRY--UNIFORM TITLE | |
| Uniform title | Paideia (Grand Rapids, Mich.) |
| 951 ## - EQUIVALENCE OR CROSS-REFERENCE-GEOGRAPHIC NAME/AREA NAME [OBSOLETE] [CAN/MARC only] | |
| -- | 34994 |
| -- | REFBS2665.3/M41/2010 |
| -- | 120326165714843 |
| -- | 2000-12-21 |
| -- | General Circulation |
| Withdrawn status | Lost status | Source of classification or shelving scheme | Damaged status | Not for loan | Home library | Current library | Shelving location | Source of acquisition | Accession number | Total Checkouts | Full call number | Barcode | Date last seen | Price effective from | Koha item type |
|---|---|---|---|---|---|---|---|---|---|---|---|---|---|---|---|
| Library of Congress Classification | BSOP Library | BSOP Library | Reference | Gift: Theological Book Network | 34994 | BS2665.3 M41 2010 | 00047129 | 02/23/2013 | 02/23/2013 | Books |
